| 000 | 00932nam a2200253 a 4500 | ||
|---|---|---|---|
| 001 | 12183 | ||
| 003 | BD-JhCC | ||
| 005 | 20241212094704.0 | ||
| 008 | 210323s20182020bg |||| |||| 000 0 ben d | ||
| 020 | _a9789843439581 | ||
| 035 | _a(BD-JhCC)12183 | ||
| 040 |
_aBD-JhCC _dBD-JhCC |
||
| 041 | _aben | ||
| 082 |
_a297.9 _bMAM 2020 |
||
| 245 |
_aমা, মা, মা এবং বাবা / _cসম্পাদনায় শাইখ আহমাদুল্লাহ এবং আরিফ আজাদ |
||
| 260 |
_aঢাকা : _bসমকালীন প্রকাশন, _c২০২০. |
||
| 300 |
_a১৭৫ পৃ. : _c২১ সেমি. |
||
| 504 | _aগ্রন্থপঞ্জি অর্ন্তভূক্ত। | ||
| 650 | _aParenting | ||
| 650 | _aParental influences | ||
| 700 | _aআহমাদুল্লাহ, শাইখ | ||
| 700 | _aআজাদ, আরিফ | ||
| 942 |
_2ddc _cBK |
||
| 999 |
_c12183 _d12183 |
||